Las ordenanzas del Consulado de Bilbao (Record no. 76695)

MARC details
000 -LEADER
campo de control de longitud fija 00766nam a2200205 i 4500
001 - NÚMERO DE CONTROL
campo de control 76695
003 - IDENTIFICADOR DE NÚMERO DE CONTROL
campo de control ES-MaACL
005 - FECHA Y HORA DE LA ÚLTIMA TRANSACCIÓN
campo de control 20251114103340.0
007 - CAMPO FIJO DE DESCRIPCIÓN FÍSICA--INFORMACIÓN GENERAL
campo de control de longitud fija t|
008 - DATOS DE LONGITUD FIJA--INFORMACIÓN GENERAL
campo de control de longitud fija 041004s1931 sp ||||1| spa d
100 1# - ENTRADA PRINCIPAL--NOMBRE DE PERSONA
Nombre de persona Guiard y Larrauri, Teófilo.
9 (RLIN) 60629
245 14 - MENCIÓN DEL TÍTULO
Título Las ordenanzas del Consulado de Bilbao
Resto del título : tres conferencias con motivo del Centenario de su derogación /
Mención de responsabilidad, etc. leídos por Teófilo Guiard Larrauri, Manuel Torres López y Antonio Elías Suárez.
260 ## - PUBLICACIÓN, DISTRIBUCIÓN, ETC.
Lugar de publicación, distribución, etc. Bilbao :
Nombre del editor, distribuidor, etc. Casa de Misericordia,
Fecha de publicación, distribución, etc. 1931.
300 ## - DESCRIPCIÓN FÍSICA
Extensión 104 p. ;
Dimensiones 24 cm.
700 0# - ENTRADA AGREGADA--NOMBRE PERSONAL
Nombre de persona Torres López, Manuel
9 (RLIN) 110905
700 1# - ENTRADA AGREGADA--NOMBRE PERSONAL
Nombre de persona Elías Suárez, Antonio.
9 (RLIN) 46979
710 2# - ENTRADA AGREGADA--NOMBRE DE ENTIDAD CORPORATIVA
Nombre de entidad corporativa o nombre de jurisdicción como elemento de entrada Consulado de Bilbao
-- -Historia.
9 (RLIN) 173763
852 ## - LOCALIZACIÓN
Ubicación ES-MaACL
Número de control de estantería A-124
Holdings
Estatus retirado Estado de pérdida Estado de daño No para préstamo Biblioteca de origen Biblioteca actual Ubicación en estantería Fecha de adquisición Fuente de adquisición Total de préstamos Signatura topográfica completa Código de barras Visto por última vez Precio de reemplazo Tipo de ítem Koha
        Biblioteca del Ateneo de Madrid Biblioteca del Ateneo de Madrid Sala Pecera Planta 1 17/01/2008     A-124 1080252 23/02/2023 23/02/2023 Libro impreso